| 000 | 00440nam a2200133 a 4500 | ||
|---|---|---|---|
| 005 | 20140414131929.0 | ||
| 008 | 101108s19uu xx 00 eng d | ||
| 050 |
_aM 629.133 _bC67 1997 |
||
| 100 | _a Cole, Joanna | ||
| 245 |
_aThe magic school bus taking flight : _ba book about flight / _cJoanna Cole ; illustrated by Bruce Degen. |
||
| 260 |
_aNew York : _bScholastic , _c1997. |
||
| 650 |
_aFlight _x Juvenile literature. |
||
| 999 |
_c112171 _d112171 |
||